00355 a2200109 4500082001800000110003300018245005500051260004000106300002700146650003900173710003300212 a759.97bIN59p aInstituto de Arte de Chicago aLa pintura americana de los siglos XVIII, XIX y XX aMadridbEditorial Codex S. A.c1967 a82 pbill (col)c31 cm apintura americanays. XVIII/XIX/XX aInstituto de Arte de Chicago